ARRUPE JESUIT UNIVERSITY

CORONAVIRUS -STOP THE SPREAD - CLEAN,DISINFECT,COVER

Weapons of math destruction : (Record no. 125985)

MARC details
000 -LEADER
fixed length control field 01608cam a2200385 i 4500
001 - CONTROL NUMBER
control field 19016283
003 - CONTROL NUMBER IDENTIFIER
control field ARRUPE
005 - DATE AND TIME OF LATEST TRANSACTION
control field 20170118122721.0
008 - FIXED-LENGTH DATA ELEMENTS--GENERAL INFORMATION
fixed length control field 160315s2016 nyu b 001 0 eng
010 ## - LIBRARY OF CONGRESS CONTROL NUMBER
LC control number 2016003900
020 ## - INTERNATIONAL STANDARD BOOK NUMBER
International Standard Book Number 9780553418811 (hardcover)
020 ## - INTERNATIONAL STANDARD BOOK NUMBER
International Standard Book Number 9780553418835 (softcover)
020 ## - INTERNATIONAL STANDARD BOOK NUMBER
Cancelled/invalid ISBN 9780553418828 (Ebook)
020 ## - INTERNATIONAL STANDARD BOOK NUMBER
Cancelled/invalid ISBN 9780451497338 (international edition)
040 ## - CATALOGING SOURCE
Original cataloging agency DLC
Language of cataloging eng
Transcribing agency DLC
Description conventions rda
Modifying agency DLC
042 ## - AUTHENTICATION CODE
Authentication code pcc
043 ## - GEOGRAPHIC AREA CODE
Geographic area code n-us---
050 00 - LIBRARY OF CONGRESS CALL NUMBER
Classification number QA76.9.B45
Item number O64 2016
082 00 - DEWEY DECIMAL CLASSIFICATION NUMBER
Classification number 005.7
Edition number 23
300 ## - PHYSICAL DESCRIPTION
Dimensions 22 cm
100 1# - MAIN ENTRY--PERSONAL NAME
Personal name O'Neil, Cathy,
Relator term author.
9 (RLIN) 28409
245 10 - TITLE STATEMENT
Title Weapons of math destruction :
Remainder of title how big data increases inequality and threatens democracy /
Statement of responsibility, etc Cathy O'Neil.
250 ## - EDITION STATEMENT
Edition statement First edition.
260 ## - PUBLICATION, DISTRIBUTION, ETC. (IMPRINT)
Place of publication, distribution, etc Great Britain
Name of publisher, distributor, etc Penguin Books
Date of publication, distribution, etc 2016
300 ## - PHYSICAL DESCRIPTION
Extent x, 259 pages ;
504 ## - BIBLIOGRAPHY, ETC. NOTE
Bibliography, etc Includes bibliographical references (pages 219-252) and index.
650 #0 - SUBJECT ADDED ENTRY--TOPICAL TERM
Topical term or geographic name as entry element Big data
General subdivision Social aspects
Geographic subdivision United States.
9 (RLIN) 28410
650 #0 - SUBJECT ADDED ENTRY--TOPICAL TERM
Topical term or geographic name as entry element Big data
General subdivision Political aspects
Geographic subdivision United States.
9 (RLIN) 28411
650 #0 - SUBJECT ADDED ENTRY--TOPICAL TERM
Topical term or geographic name as entry element Social indicators
General subdivision Mathematical models
-- Moral and ethical aspects.
9 (RLIN) 28412
650 #0 - SUBJECT ADDED ENTRY--TOPICAL TERM
Topical term or geographic name as entry element Democracy
Geographic subdivision United States.
9 (RLIN) 18309
651 #0 - SUBJECT ADDED ENTRY--GEOGRAPHIC NAME
Geographic name United States
General subdivision Social conditions
Chronological subdivision 21st century.
9 (RLIN) 9257
776 08 - ADDITIONAL PHYSICAL FORM ENTRY
Display text Online version:
Main entry heading O'Neil, Cathy, author.
Title Weapons of math destruction
Edition First edition.
Place, publisher, and date of publication New York : Crown Publishers, [2016]
International Standard Book Number 9780553418828
Record control number (DLC) 2016016487
906 ## - LOCAL DATA ELEMENT F, LDF (RLIN)
a 7
b cbc
c orignew
d 1
e ecip
f 20
g y-gencatlg
942 ## - ADDED ENTRY ELEMENTS (KOHA)
Source of classification or shelving scheme Library of Congress Classification
Koha item type Monograph ( Printed materials)
Holdings
Withdrawn status Lost status Source of classification or shelving scheme Damaged status Not for loan Collection code Home library Current library Shelving location Date acquired Total Checkouts Full call number Barcode Date last seen Date checked out Price effective from Koha item type
    Library of Congress Classification     Main Collection ARRUPE LIBRARY ARRUPE LIBRARY Main Collection 18/01/2017 12 QA76.9.B45 2016 46500021737 02/07/2019 04/02/2019 18/01/2017 Monograph ( Printed materials)

 

Arrupe Library. PO Box MP320 Mt Pleasant, Harare, Zimbabwe
263 242 745411|librarian@aju.ac.zw